LOESS : Nguồn gốc gió ở VIệt Nam và Đông Nam Á
Sách giới thiệu 2 chuyên khảo "Loess nguồn gốc gió thuộc vùng ẩm nhiệt đới ở việt nam" và "Những trầm tích Loess đệ tứ thuộc vùng nhiệt đới ẩm ở đông nam á".Giúp cho sinh viên học tập, các nhà khoa học địa chất, địa châ...
সংরক্ষণ করুন:
| প্রধান লেখক: | |
|---|---|
| বিন্যাস: | গ্রন্থ |
| ভাষা: | Undetermined |
| প্রকাশিত: |
Hà Nội
Khoa học và Kỹ thuật
2007
|
| বিষয়গুলি: | |
| ট্যাগগুলো: |
ট্যাগ যুক্ত করুন
কোনো ট্যাগ নেই, প্রথমজন হিসাবে ট্যাগ করুন!
|
| Thư viện lưu trữ: | Trung tâm Học liệu Trường Đại học Cần Thơ |
|---|
| LEADER | 01159nam a2200241Ia 4500 | ||
|---|---|---|---|
| 001 | CTU_132094 | ||
| 008 | 210402s9999 xx 000 0 und d | ||
| 020 | |c 40000 | ||
| 082 | |a 555.9 | ||
| 082 | |b K600 | ||
| 100 | |a Hoàng, Ngọc Kỷ | ||
| 245 | 0 | |a LOESS : | |
| 245 | 0 | |b Nguồn gốc gió ở VIệt Nam và Đông Nam Á | |
| 245 | 0 | |c Hoàng Ngọc Kỷ chủ biên ...[et al.] | |
| 260 | |a Hà Nội | ||
| 260 | |b Khoa học và Kỹ thuật | ||
| 260 | |c 2007 | ||
| 520 | |a Sách giới thiệu 2 chuyên khảo "Loess nguồn gốc gió thuộc vùng ẩm nhiệt đới ở việt nam" và "Những trầm tích Loess đệ tứ thuộc vùng nhiệt đới ẩm ở đông nam á".Giúp cho sinh viên học tập, các nhà khoa học địa chất, địa chất thuỷ văn, địa chất công trình, nông nghiệp và khảo cổ...nghiên cứu tham khảo. | ||
| 650 | |a Geology,Địa chất học | ||
| 650 | |x Loess,Loess | ||
| 650 | |z Vietnam | ||
| 904 | |i Trọng Hải | ||
| 980 | |a Trung tâm Học liệu Trường Đại học Cần Thơ | ||